000 01117nam a22002657a 4500
003 OSt
005 20260310005541.0
008 260305b |||||||| |||| 00| 0 eng d
040 _bEnglish.
_cCvSU-CCAT Campus Library.
_erda.
050 _aUM HD 62.7
_bL54 2024
100 _aLigutan, Cristine Joy, author.
_918862
245 _aLeaf a taco : enterprise development project /
_cCristine Joy Ligutan, Paullyn Gie P. Simbaco, Shaira Rose Tan.
260 _aRosario, Cavite :
_bCavite State University-CCAT Campus,
_c2024.
300 _axiv, 77 leaves :
_billustrations ;
_c28 cm
500 _aEnterprise Development Project (BSBA) -- Cavite State University-CCAT Campus, 2024.
504 _aIncludes bibliographical references and appendices.
546 _aIn English text
650 _aSmall business -- Management
_98827
650 _aFood industry and trade
_995
650 _aMarketing strategy
_910003
700 _aSimbaco, Paullyn Gie P., author.
_918863
700 _aTan, Shaira Rose, author.
_918864
942 _2lcc
_cT/M/D
_hHD 62.7 L54 2024
_kUM
999 _c4786
_d4786